000 00570nam a2200205 i 4500
001 149950
003 ES-MaACL
005 20230906203324.0
007 t|
008 071025s1962 sp ||||1| spa d
080 _a69(02)
100 1 _aValle, C. del.
_9112753
245 1 0 _aManual práctico del albañil contratista /
_cpor C. del Valle.
250 _a4ª ed. rev.
260 _aBarcelona :
_bJuan Bruguer,
_c1962.
300 _a280 p. :
_bil. ;
_c22 cm.
650 4 _aConstrucción.
_911295
650 4 _aAlbañilería.
_9135545
852 _aES-MaACL
_jC-21640
999 _c149950
_d149950